Reader-friendly strategic management : a delightful blend of academic learning and street-smart practices
| Main Author: | |
|---|---|
| Other Authors: | |
| Format: | Book |
| Published: |
Subang Jaya :
Pelanduk Publications ,
1999
|
| Subjects: |
MARC
| LEADER | 00000cam a2200000 7i4500 | ||
|---|---|---|---|
| 001 | 0000006550 | ||
| 005 | 20200814.0 | ||
| 020 | |a 9679786730 | ||
| 040 | |a INS | ||
| 090 | 0 | 0 | |a HD30.28 K45 1999 |
| 100 | 0 | |a Khoo Kheng-Hor | |
| 245 | 1 | 0 | |a Reader-friendly strategic management : |b a delightful blend of academic learning and street-smart practices |c Khoo Kheng-Hor |
| 260 | |a Subang Jaya : |b Pelanduk Publications , |c 1999 | ||
| 300 | |a 180 p. ; |c 22 cm. | ||
| 650 | 0 | 0 | |a Strategic planning |
| 700 | 1 | |a Munro-Smith, Nigel | |
| 999 | |a 0000007581 |b BOOK |c Open Shelf |e Default branch | ||